000 00273nam a22001217a 4500
008 170209b xxu||||| |||| 00| 0 eng d
041 _aeng
080 _a61
100 _a4
101 _aSHM
245 _aTHE SKIN AND SYSTEMS DISEASE IN CHILDREN
_cHURWITZ
942 _2udc
_cBK
999 _c5053
_d5053